| 000 | 00401pab a2200145 454500 | ||
|---|---|---|---|
| 008 | 180718b86-7 xxu||||| |||| 00| 0 eng d | ||
| 100 | _aAminuzzaman, Salahuddin Md. | ||
| 245 |
_aImplementation of Ujamma _bThe role of Tanzanian bureaucracy |
||
| 260 | _c86-7 | ||
| 300 | _a35-50 | ||
| 362 | _aJuly-June | ||
| 650 | _aRural Development - Tanzania | ||
| 773 | _aAdministrative Change | ||
| 909 | _a17614 | ||
| 999 |
_c17614 _d17614 |
||